00291nam a2200097Ia 4500008004100000041000800041082002100049100002100070245004800091260005400139230411s9999 xx 000 0 und d aeng aX/891/MAL/B01343 aDeshpande Malati aShree Shikshanache Pranete - Maharshi Karve bMaharshi Karve Stree Shikshan SamsthaaPunec1997